| 000 | 00383nam a22001577a 4500 | ||
|---|---|---|---|
| 003 | OSt | ||
| 005 | 20260219155704.0 | ||
| 008 | 260219b |||||||| |||| 00| 0 eng d | ||
| 020 | _a9789355325891 | ||
| 040 | _cIIMT UNIVERSITY, MEERUT | ||
| 100 | _a E. Balagurusamy | ||
| 245 | _aProgramming with Java | ||
| 260 |
_aNEW DELHI _bMcGraw Hill _c2025 |
||
| 300 | _a577 | ||
| 942 |
_2ddc _c02 |
||
| 999 |
_c67062 _d67062 |
||